|
|
|
|
| LEADER |
02453nam a2200613 i 4500 |
| 001 |
nkc20193099964 |
| 003 |
CZ PrNK |
| 005 |
20191121114637.0 |
| 007 |
ta |
| 008 |
190715s2019 xr ac e c 000 0dcze |
| 020 |
|
|
|a 978-80-88236-01-6
|q (brožováno)
|
| 040 |
|
|
|a ABA001
|b cze
|e rda
|
| 041 |
1 |
|
|a cze
|a eng
|h cze
|
| 043 |
|
|
|a e-xr---
|
| 045 |
|
|
|a y1y1
|
| 072 |
|
7 |
|a 74
|x Kresba. Umělecká řemesla
|2 Konspekt
|9 21
|
| 080 |
|
|
|a 748
|2 MRF
|
| 080 |
|
|
|a 730-033.5
|2 MRF
|
| 080 |
|
|
|a 7.036/.038
|2 MRF
|
| 080 |
|
|
|a (437.3)
|2 MRF
|
| 080 |
|
|
|a (083.824)
|2 MRF
|
| 100 |
1 |
|
|a Janák, František,
|d 1951-
|7 jn20000728243
|4 art
|
| 245 |
1 |
0 |
|a František Janák, Martina Janáková :
|b vedvou = bytwo : skleněné plastiky 2012-2019 : Sklářské muzeum Kamenický Šenov, 31.3.-26.5.2019 /
|c text: Helena Braunová
|
| 246 |
1 |
|
|i Název v tiráži:
|a Skleněné plastiky Františka Janáka a Martiny Janákové z let 2012-2019
|
| 246 |
3 |
0 |
|a Vedvou
|
| 246 |
3 |
0 |
|a Bytwo
|
| 264 |
|
1 |
|a Praha :
|b Lika klub s.r.o.,
|c 2019
|
| 300 |
|
|
|a 16 nečíslovaných stran :
|b barevné ilustrace, portréty ;
|c 20 x 21 cm
|
| 336 |
|
|
|a text
|b txt
|2 rdacontent
|
| 336 |
|
|
|a statický obraz
|b sti
|2 rdacontent
|
| 337 |
|
|
|a bez média
|b n
|2 rdamedia
|
| 338 |
|
|
|a svazek
|b nc
|2 rdacarrier
|
| 546 |
|
|
|a Souběžný anglický text
|
| 550 |
|
|
|a Vydavatel: Město Kamenický Šenov
|
| 600 |
1 |
7 |
|a Janák, František,
|d 1951-
|7 jn20000728243
|2 czenas
|
| 600 |
1 |
7 |
|a Janáková, Martina
|7 jo20191043664
|2 czenas
|
| 648 |
|
7 |
|a 21. století
|7 ch460559
|2 czenas
|
| 650 |
0 |
7 |
|a umělecké sklo
|7 ph126905
|z Česko
|y 21. století
|2 czenas
|
| 650 |
0 |
7 |
|a skleněná plastika
|7 ph125584
|z Česko
|y 21. století
|2 czenas
|
| 650 |
0 |
7 |
|a moderní umění
|7 ph115340
|z Česko
|2 czenas
|
| 650 |
0 |
9 |
|a art glass
|z Czechia
|y 21st century
|2 eczenas
|
| 650 |
0 |
9 |
|a glass sculpture
|z Czechia
|y 21st century
|2 eczenas
|
| 650 |
0 |
9 |
|a modern art
|z Czechia
|2 eczenas
|
| 655 |
|
7 |
|a katalogy výstav
|7 fd132536
|2 czenas
|
| 655 |
|
9 |
|a exhibition catalogs
|2 eczenas
|
| 700 |
1 |
|
|a Janáková, Martina
|7 jo20191043664
|4 art
|
| 700 |
1 |
|
|a Braunová, Helena,
|d 1962-
|7 xx0017263
|4 aut
|
| 710 |
2 |
|
|a Sklářské muzeum (Kamenický Šenov, Česko)
|7 ko2003207897
|4 orm
|
| 710 |
1 |
|
|a Kamenický Šenov (Česko)
|7 ge129516
|4 isb
|
| 910 |
2 |
|
|a BOA001
|b 2-1440.019
|
| 990 |
|
|
|a BK
|
| 995 |
|
|
|a 11
|
| 991 |
|
|
|b 201911
|c NOV
|
| 996 |
6 |
|
|b 2610806087
|c 2-1440.019
|l MZK
|r Sklad / do 1 hodiny
|n 0
|p p.v.
|w 001768298
|u 000010
|a 1
|e BOA001
|j MZK50
|s P
|